Normal view
MARC view
Entry Personal Name
001 - CONTROL NUMBER
- control field: 64727
003 - CONTROL NUMBER IDENTIFIER
- control field: dpl
005 - DATE AND TIME OF LATEST TRANSACTION
- control field: 20240415145428.0
008 - FIXED-LENGTH DATA ELEMENTS
- fixed length control field: 240415|| aca||aabn | a|a d
040 ## - CATALOGING SOURCE
- Original cataloging agency: dpl
- Transcribing agency: dpl
100 ## - HEADING--PERSONAL NAME
- Personal name: Fernandes, Walter
670 ## - SOURCE DATA FOUND
- Source citation: Work cat.: (dpl)202172: Fernandes, Walter, Ownership, Menagement and Aliention; Tribal Land In Northeast India, 2022
